000
00222nam a22000857a 4500
008
160811b xxu||||| |||| 00| 0 eng d
100
_9
114
_a
Egmont
245
_a
Tintin and the Picaros
260
_a
USA
_b
MacMillan publication
_c
2009
999
_c
2768
_d
2768